Economics : Principles, problems, and policies
McConnell, Brue, and Flynn’s Economics: Principles, Problems, and Policies is the #1 Principles of Economics textbook in the world. It continues to be innovative while teaching students in a clear, unbiased way
Shranjeno v:
| Glavni avtor: | |
|---|---|
| Format: | Knjiga |
| Jezik: | Undetermined |
| Izdano: |
New York
McGraw Hill
2012
|
| Teme: | |
| Oznake: |
Označite
Brez oznak, prvi označite!
|
| Thư viện lưu trữ: | Trung tâm Học liệu Trường Đại học Cần Thơ |
|---|
| LEADER | 00834nam a2200217Ia 4500 | ||
|---|---|---|---|
| 001 | CTU_210073 | ||
| 008 | 210402s9999 xx 000 0 und d | ||
| 020 | |c 52.2 | ||
| 082 | |a 330 | ||
| 082 | |b M163 | ||
| 100 | |a McConnell, Campbell R. | ||
| 245 | 0 | |a Economics : | |
| 245 | 0 | |b Principles, problems, and policies | |
| 245 | 0 | |c Campbell R. McConnell, Stanley L. Brue, Sean M. Flynn. | |
| 260 | |a New York | ||
| 260 | |b McGraw Hill | ||
| 260 | |c 2012 | ||
| 520 | |a McConnell, Brue, and Flynn’s Economics: Principles, Problems, and Policies is the #1 Principles of Economics textbook in the world. It continues to be innovative while teaching students in a clear, unbiased way | ||
| 650 | |a Economic,Kinh tế | ||
| 904 | |i Trần Thị Hồng Ngọc, Tuyến | ||
| 980 | |a Trung tâm Học liệu Trường Đại học Cần Thơ | ||